Latvija Otrajā pasaules karā

Titel: Latvija Otrajā pasaules karā : starptautiskās konferences materiāli 1999, gada 14. - 15. jūnijs, Rīga = Latvia in World War II : materials of an international conference, 14-15 June 1999, Riga / Latvijas Vēsturnieku Komisija ... [Red. kolēgija: Andris Caune ...]
Beteiligt:
Veröffentlicht: Rīga : Latvijas Vēstures Inst. Apgāds, 2000
Umfang: 389 Seiten
Format: Buch
Sprache: Lettisch
Schriftenreihe/
mehrbändiges Werk:
Latvijas Vēsturnieku Komisijas raksti ; 1
RVK-Notation:
Schlagworte:
ISBN: 9984601986
Buchumschlag
X
Lokale Klassifikation: 46 7 N ; 46 15 B
alg: 9847751
001A    $00077:15-05-01 
001B    $06055:16-02-26 $t18:24:37.000 
001D    $00077:15-05-01 
001U    $0utf8 
001X    $00 
002@    $0Aau 
002C    $aText $btxt $2rdacontent 
002D    $aohne Hilfsmittel zu benutzen $bn $2rdamedia 
002E    $aBand $bnc $2rdacarrier 
003@    $009847751X 
003O    $0614933611 $aOCoLC 
004A    $09984-601-98-6 
007A    $009847751X $aHEB 
007T    $0Herde17685 
009P    $qapplication/pdf $A2 $3Inhaltsverzeichnis $uhttp://scans.hebis.de/HEBCGI/show.pl?09847751_toc.pdf $mV:DE-604 
010@    $alav 
011@    $a2000 
013D    $RWissenschaftliche Literatur $RAufsatzsammlung $#Konferenzbericht $71071861417 $8Konferenzschrift [Tsz] $9359646190 $y1999 $zRiga 
021A    $aLatvija Otrajā pasaules karā $dstarptautiskās konferences materiāli 1999, gada 14. - 15. jūnijs, Rīga $fLatvia in World War II $fmaterials of an international conference, 14-15 June 1999, Riga $hLatvijas Vēsturnieku Komisija ... [Red. kolēgija: Andris Caune ...] 
028C    $BHerausgeber $#Caune, A. $#Caune, A. $#Caune, Andris V. $#Caune, Andris Valdemarovič $#Caune, Andris Voldemarovič $#Tsaune, Andris Valdemarovich $#Tsaune, Andris Voldemarovich $#Caune, A. V. $#Цауне, А. В. $#Цауне, Андрис Валдемарович $#Цауне, Андрис $#Цауне, Андрис Волдемарович $4edt $7129379018 $8Caune, Andris$Z1937- [Tp1] $912364755X 
033A    $pRīga $nLatvijas Vēstures Inst. Apgāds 
034D    $a389 Seiten 
036E    $aLatvijas Vēsturnieku Komisijas raksti $l1 
036F    $x11 $8Symposium of the Commission of the Historians of Latvia $9098476688 $l1 
039U    $aRezensiert in $8--Aox--Bleiere, Daina. Latvija Otrajā pasaules karā. - Rīga : Latvijas Vēstures Inst. Apgāds. -  2000 [Rezension], 2001 $9394792343 
039U    $aRezensiert in $8--Oox--Mühle, Eduard$Z1957- [Tp1]. Latvija Otrajā pasaules karā. - Rīga : Latvijas Vēstures Inst. Apgāds. -  2000 [Rezension], 2006 $9394906853 
044K    $RGeschichtsphilosophie $RVergangenheit $#History $#Histoire $#Storia $#history $#History $#Geschichte $#Landesgeschichte $#Regionalgeschichte $#Ortsgeschichte $#Zeitgeschichte $D20251120 $Ecgmnf $74020517-4 $8Geschichte [Tsz] $9085049352 
044K    $RWeltkrieg $#World War, 1939-1945 $#Guerre mondiale (1939-1945) $#Weltkrieg 1939-1945 $#2. Weltkrieg $#Weltkrieg 2 $#II. Weltkrieg $#Weltkrieg II $D20251120 $Ecgmnf $74079167-1 $8Zweiter Weltkrieg [Tsz] $9085224618 
044K    $RLettische Sozialistische Sowjetrepublik $RLettische Sozialistische Sowjetrepublik $#Lettland $#Lettland $#Lettland $#Latvija $#Latvijas Republika $#Lettische Republik $#République de Lettonie $#Republik Lettland $#Latwija $#Latvijas Republikas Tautas $#Republic of Latvia $#Latvijskaja Respublika $#Latvia $#Lettonie $#Łotwa $D20251120 $Ecgmnf $74074187-4 $8Lettland [Tg1] $9085208876 
044K    $RVeranstaltung $#Kolloquium/Symposium $#Kolloquium $#Symposion Kongress $#Tagung Kongress $#Vortragssammlung $#Symposium Kongress $#Sommerschule Kongress $#Künstlersymposion $#Kongresse $D20251120 $Ecgmnf $74130470-6 $8Kongress [Ts1] $9085461431 
044K    $RRüstung $#Militari $#Militär $#Militär $#Heerwesen $#Kriegswesen $#Streitkräfte $#Wehrwesen $#Militärwesen $#Armee Militär $D20251120 $Ecgmnf $74039305-7 $8Militär [Tsz] $9085107107 
044K    $#Beteiligung Teilnahme $#Beteiligung Strafrecht $#Straftat Teilnahme $#Tatbeteiligung $D20251120 $Ecgmnf $74059331-9 $8Teilnahme [Ts1] $9085165077 
045F    $a900.9479609043 $eDDC23BSB 
045F/01 $a900 
045F/03 $f09043 
045F/03 $f09044 
045F/03 $g4796 
045G    $a370.94796 $eDDC23BSB 
045G/01 $a370.9 
045G/03 $g4796 
045Z    $D20251120 $Ecgmnf $8NK 2483 [Tkv] $9410888656 
045Z    $D20251120 $Ecgmnf $8NQ 5030 [Tkv] $9410914967 
046L    $aText teilweise lettisch, teilweise englisch. - Zusammenfassung teilweise lettisch, teilweise englisch 

lok: 9847751 24
101B    $005-12-02 $t16:43:02.066 
101C    $006-06-02 
145Z/01 $a46 7 N 
145Z/02 $a46 15 B 
101U    $0utf8 

exp: 9847751 24 1 #EPN
201B/01 $020-12-02 $t12:05:39.500 
201C/01 $006-06-02 
203@/01 $0171654358 
208@/01 $a06-06-02 $bz 
209A/01 $a02.1818 $du $f050 $h02 1818 $x00 
209C/01 $a02.1818 K $h02 1818 K 
209G/01 $a70370611 $x00 
247C/01 $8358050-7 Marburg, Bibliothek des Herder-Instituts Marburg $9102600961 
201U/01 $0utf8 

lok: 9847751 25

exp: 9847751 25 1 #EPN
201B/01 $009-04-09 $t11:05:34.000 
201C/01 $015-05-01 
201U/01 $0utf8 
203@/01 $0160260671 
208@/01 $a15-05-01 $bz 
209A/01 $aTLEe 2250 $dd $f092 $x00 
209C/01 $a396/00 
209G/01 $aOsteuropäische Geschichte $x01 
209G/01 $a76055712 $x00 
247C/01 $8651092-9 <77/092>Mainz, Universität Mainz, Bereichsbibliothek Philosophicum, Standort Osteuropäische Geschichte $9102600414 

lok: 9847751 78

exp: 9847751 78 1 #EPN
201B/01 $019-04-17 $t15:14:27.000 
201U/01 $0utf8 
203@/01 $0792038797 
208@/01 $a12-11-16 $be 
209A/01 $a/ $f000 $x00 
220C/01 $aTitelaufnehmer: pk 
220C/01 $aHerkunft: Baltische Bibliographie / P. Kaegbein;UMK/BU Toruń 
237A/01 $aText teilw. lett., teilw. engl. - weiterführende Signatur(en): Herder-Institut: 02.1818 
244Z/01 $2Trx $#Latvija $#Lettland $#Łotwa $#Lotyšsko $8--Trx--Latvija $x01 $9391275879 
244Z/01 $aGeschichte 1999 $x02 
244Z/01 $2Trx $#maailmasõda, teine 1939-1945 $#Antrasis pasaulinis karas 1939-1945 $#World War, Second 1939-1945 $#világháború. második 1939-1945 $#wojna światowa, druga 1939-1945 $#vojna svetová II. 1939-1945 $#válka druhá světová 1939-1945 $#Zweiter Weltkrieg $8--Trx--Weltkrieg, Zweiter$g1939-1945 $x03 $939138239X 
244Z/01 $2Trx $#konverentsid, teaduslikud $#mokslinės konferencijos $#Conferences, scholarly $#konferenciák, tudományos $#konferencje naukowe $#konferencie, vedecké $#konference vědecké $#Tagungen $#obrady $#zasadania $8--Trx--Konferenzen, wissenschaftliche $x04 $9391373897 
244Z/01 $2Trx $#dzieło zbiorowe $8--Trx--Sammelwerk $x05 $9391384597 
245Z/01 $a01.03 $x01 
247C/01 $82080>Marburg/Lahn, Herder-Institut, Forschungsbibliothek, Bibliographieportal $9336309341
LEADER 00000cam a2200000 c 4500
001 09847751X
003 DE-603
005 20260216182437.0
007 tu
008 010515s2000 xx |||| | u10||u|lav c
020 |a 9984601986 
035 |a (DE-599)HEB09847751X 
035 |a (OCoLC)614933611 
040 |a DE-603  |b ger  |c DE-603  |d DE-603 
041 |a lav 
082 0 4 |8 1\u  |a 900.9479609043  |q DE-101  |2 23/BSB 
083 0 |8 2\u  |a 370.94796  |q DE-101  |2 23/BSB 
084 |a NK 2483  |0 (DE-625)125907:  |0 (DE-603)410888656  |2 rvk 
084 |a NQ 5030  |0 (DE-625)128525:  |0 (DE-603)410914967  |2 rvk 
085 |8 1\u  |b 900 
085 |8 1\u  |z 1  |s 09043 
085 |8 1\u  |z 1  |s 09044 
085 |8 1\u  |z 2  |s 4796 
085 |8 2\u  |b 370.9 
085 |8 2\u  |z 2  |s 4796 
245 0 0 |a Latvija Otrajā pasaules karā  |b starptautiskās konferences materiāli 1999, gada 14. - 15. jūnijs, Rīga = Latvia in World War II : materials of an international conference, 14-15 June 1999, Riga  |c Latvijas Vēsturnieku Komisija ... [Red. kolēgija: Andris Caune ...] 
264 1 |a Rīga  |b Latvijas Vēstures Inst. Apgāds  |c 2000 
300 |a 389 Seiten 
336 |a Text  |b txt  |2 rdacontent 
337 |a ohne Hilfsmittel zu benutzen  |b n  |2 rdamedia 
338 |a Band  |b nc  |2 rdacarrier 
490 1 |a Latvijas Vēsturnieku Komisijas raksti  |v 1 
546 |a Text teilweise lettisch, teilweise englisch. - Zusammenfassung teilweise lettisch, teilweise englisch 
650 7 |a Geschichte  |0 (DE-588)4020517-4  |0 (DE-603)085049352  |2 gnd 
650 7 |a Zweiter Weltkrieg  |0 (DE-588)4079167-1  |0 (DE-603)085224618  |2 gnd 
650 7 |a Kongress  |0 (DE-588)4130470-6  |0 (DE-603)085461431  |2 gnd 
650 7 |a Militär  |0 (DE-588)4039305-7  |0 (DE-603)085107107  |2 gnd 
650 7 |a Teilnahme  |0 (DE-588)4059331-9  |0 (DE-603)085165077  |2 gnd 
651 7 |a Lettland  |0 (DE-588)4074187-4  |0 (DE-603)085208876  |2 gnd 
655 7 |a Konferenzschrift  |y 1999  |z Riga  |2 gnd-content  |0 (DE-588)1071861417  |0 (DE-603)359646190 
700 1 |a Caune, Andris  |d 1937-  |e Herausgeber  |4 edt  |0 (DE-603)12364755X  |0 (DE-588)129379018  |2 gnd 
787 0 8 |i Rezensiert in  |a Bleiere, Daina  |t Latvija Otrajā pasaules karā. - Rīga : Latvijas Vēstures Inst. Apgāds. - 2000 [Rezension]  |w (DE-603)394792343 
787 0 8 |i Rezensiert in  |a Mühle, Eduard, 1957-  |t Latvija Otrajā pasaules karā. - Rīga : Latvijas Vēstures Inst. Apgāds. - 2000 [Rezension]  |w (DE-603)394906853 
810 2 2 |a Latvijas Vēsturnieku Komisija  |t Symposium of the Commission of the Historians of Latvia  |v 1  |w (DE-603)098476688  |w (DE-600)2283434-5  |9 11  |7 as 
856 4 2 |m V:DE-604  |q application/pdf  |u http://scans.hebis.de/HEBCGI/show.pl?09847751_toc.pdf  |3 Inhaltsverzeichnis 
924 0 |9 Mb 50  |a (DE-603)171654358  |b DE-Mb50  |c HES  |d c  |g 02.1818 
924 0 |9 77/092  |a (DE-603)160260671  |b DE-77-092  |c HES  |d d  |g TLEe 2250 
924 0 |9 2080  |a (DE-603)792038797  |b DE-2080  |c HES  |d d  |g /